[Event "Int. Stuttgarter Stadtmeisterschaft A"]
[Site "Ditzingen"]
[Date "2014.05.30"]
[Round "3.8"]
[White "Schröder, Jan-Christian"]
[Black "Schwarz, Larissa"]
[Result "1-0"]
[WhiteElo "2374"]
[BlackElo "1896"]
[PlyCount "49"]
[EventDate "2014.??.??"]
[WhiteTeam "SV 1920 Hofheim"]
[BlackTeam "TSV Schott Mainz"]

1. e4 c5 2. Nf3 d6 3. Bb5+ Bd7 4. Bxd7+ Qxd7 5. O-O Nc6 6. c3 Nf6 7. d4 cxd4 8.
cxd4 Nxe4 9. d5 Ne5 10. Re1 Nxf3+ 11. Qxf3 Nf6 12. Nc3 O-O-O 13. Be3 Kb8 14.
Bd4 Rc8 15. b4 Rc4 16. Qd3 Rxb4 17. Rab1 Rxb1 18. Rxb1 e5 19. Bxa7+ Kxa7 20.
Qe3+ Kb8 21. Nb5 Kc8 22. Qb6 Qd8 23. Rc1+ Kd7 24. Qxb7+ Ke8 25. Rc8 1-0

[Event "Int. Stuttgarter Stadtmeisterschaft A"]
[Site "Ditzingen"]
[Date "2014.05.30"]
[Round "3.9"]
[White "Wettengel, Alexander"]
[Black "Gheng, Josef"]
[Result "1-0"]
[WhiteElo "2089"]
[BlackElo "2327"]
[PlyCount "61"]
[EventDate "2014.??.??"]
[WhiteTeam "Stuttgarter SF 1879"]
[BlackTeam "SC Erdmannhausen"]

1. e4 e5 2. Nf3 d6 3. d4 exd4 4. Nxd4 Nf6 5. Nc3 Be7 6. Bc4 O-O 7. O-O c6 8. a3
a5 9. Ba2 a4 10. b4 axb3 11. cxb3 Re8 12. b4 Bf8 13. f3 b5 14. Kh1 Ra7 15. Qc2
Nbd7 16. Qf2 Nb6 17. Be3 Rb7 18. Rad1 Nc4 19. Bxc4 bxc4 20. f4 Qc7 21. Nf3 Nd7
22. Bd4 c5 23. Nd5 Qc6 24. Ba1 Rxe4 25. Ng5 Re6 26. Qf3 Nb8 27. f5 Re8 28. Nxh7
Re5 29. Bxe5 dxe5 30. Nxf8 Kxf8 31. f6 1-0

[Event "Int. Stuttgarter Stadtmeisterschaft A"]
[Site "Ditzingen"]
[Date "2014.05.30"]
[Round "3.10"]
[White "Bergauz, Noam"]
[Black "Kvetny, Mark"]
[Result "1/2-1/2"]
[WhiteElo "2147"]
[BlackElo "2257"]
[PlyCount "97"]
[EventDate "2014.??.??"]
[WhiteTeam "SK München Südost e.V."]
[BlackTeam "Stuttgarter SF 1879"]

1. e4 c5 2. Nf3 d6 3. d4 cxd4 4. Nxd4 Nf6 5. Nc3 a6 6. h3 e5 7. Nde2 b5 8. g4
b4 9. Nd5 Nxd5 10. Qxd5 Ra7 11. Bg2 Be6 12. Qd3 Rc7 13. Be3 Qc8 14. O-O Nd7 15.
Rfc1 h5 16. f3 Nc5 17. Qd2 Qb7 18. a3 bxa3 19. bxa3 Be7 20. Rab1 Qa8 21. Ng3 g6
22. Qa5 Qc8 23. Rb6 O-O 24. Rcb1 h4 25. Nh1 d5 26. Nf2 d4 27. Bd2 Nd7 28. Rxa6
Rc5 29. Qa4 Rc4 30. Qa5 Bd8 31. Qb5 Rxc2 32. Bh6 Bc4 33. Rc6 Bxb5 34. Rxc8 Rxc8
35. Bxf8 Kxf8 36. Rxb5 Ra8 37. Bf1 Rxa3 38. Rd5 Ke7 39. Bb5 Nb6 40. Rxe5+ Kd6
41. Re8 Bg5 42. Nd3 Ra5 43. Re5 Be3+ 44. Kg2 Ra2+ 45. Kf1 Ra1+ 46. Ke2 f6 47.
Rc5 Ra2+ 48. Kf1 Ra1+ 49. Ke2 1/2-1/2

[Event "Int. Stuttgarter Stadtmeisterschaft A"]
[Site "Ditzingen"]
[Date "2014.05.30"]
[Round "3.11"]
[White "Koop, Thorben"]
[Black "Unger, Franz"]
[Result "1-0"]
[WhiteElo "2254"]
[BlackElo "1969"]
[PlyCount "73"]
[EventDate "2014.??.??"]
[WhiteTeam "SV Lingen"]
[BlackTeam "SK Sachsenheim"]

1. Nf3 c5 2. e4 e6 3. c4 Nc6 4. Nc3 Nf6 5. Be2 a6 6. O-O Be7 7. d4 cxd4 8. Nxd4
Qc7 9. Be3 d6 10. Rc1 O-O 11. Kh1 Ne5 12. f4 Ng6 13. b3 b6 14. Qe1 Bb7 15. Bf3
Rfe8 16. Nc2 Rac8 17. Nd4 Nd7 18. Qg3 Bf6 19. f5 Nge5 20. Bh5 g6 21. Be2 Qd8
22. fxe6 fxe6 23. Bf3 Qe7 24. Na4 Nc6 25. Nxc6 Rxc6 26. e5 Bxe5 27. Qf2 Rf8 28.
Nxb6 Nc5 29. Bxc5 Rxc5 30. Qe2 Qh4 31. g3 Rxf3 32. Rxf3 Qg4 33. Rcf1 Rc7 34.
Nd5 Bxd5 35. cxd5 Qh3 36. g4 Qh4 37. dxe6 1-0

[Event "Int. Stuttgarter Stadtmeisterschaft A"]
[Site "Ditzingen"]
[Date "2014.05.30"]
[Round "3.13"]
[White "Löhr, Markus"]
[Black "Zikeli, Saskia"]
[Result "1-0"]
[WhiteElo "2248"]
[BlackElo "2109"]
[PlyCount "73"]
[EventDate "2014.??.??"]
[WhiteTeam "SK Schmiden/Cannstatt"]
[BlackTeam "SC Ingersheim e.V."]

1. d4 Nf6 2. c4 g6 3. Nc3 Bg7 4. e4 d6 5. Nf3 O-O 6. Be2 e5 7. d5 a5 8. Bg5 h6
9. Bh4 Nbd7 10. Nd2 Nc5 11. O-O Bd7 12. b3 Qe8 13. a3 Na6 14. Rb1 Nh7 15. b4
axb4 16. axb4 f5 17. exf5 Bxf5 18. Nde4 g5 19. Bg3 Nf6 20. Bd3 Qg6 21. Qe2 Nh5
22. Bc2 Nf4 23. Qd2 h5 24. f3 h4 25. Bxf4 gxf4 26. Kh1 h3 27. gxh3 Qh5 28. Qf2
Kh8 29. Rg1 Bf6 30. Nxf6 Rxf6 31. Bxf5 Rxf5 32. Rg4 Qh7 33. Ne4 Rg8 34. Rh4 Rh5
35. Rxh5 Qxh5 36. Nf6 Qf5 37. Qh4+ 1-0

[Event "Int. Stuttgarter Stadtmeisterschaft A"]
[Site "Ditzingen"]
[Date "2014.05.30"]
[Round "3.14"]
[White "Baskin, Robert"]
[Black "Gabriel, Josef"]
[Result "0-1"]
[WhiteElo "2205"]
[BlackElo "2072"]
[PlyCount "132"]
[EventDate "2014.??.??"]
[WhiteTeam "SAbt TuS Makkabi Ffm"]
[BlackTeam "Stuttgarter SF 1879"]

1. e4 g6 2. d4 Bg7 3. Nc3 d6 4. f4 a6 5. Nf3 b5 6. Bd3 Nd7 7. e5 c5 8. Be4 Rb8
9. Be3 b4 10. Ne2 Qc7 11. c3 bxc3 12. bxc3 Bb7 13. Ng5 h6 14. Bxb7 Qxb7 15. Nf3
cxd4 16. cxd4 e6 17. O-O Ne7 18. Qd3 O-O 19. exd6 Nf5 20. Ne5 Nxd6 21. Nxd7
Qxd7 22. Qxa6 Nf5 23. Qd3 Rb2 24. Bf2 Ra8 25. a3 Qa4 26. Rfc1 Rb3 27. Rc3 Rxc3
28. Qxc3 Rb8 29. g4 Qa6 30. gxf5 Qxe2 31. fxg6 fxg6 32. Re1 Qg4+ 33. Qg3 Qf5
34. Qe3 Kf7 35. Rc1 Rb7 36. a4 Rd7 37. Rc4 Qb1+ 38. Kg2 Qb7+ 39. Kg1 Qa6 40.
Qb3 Qd6 41. Be3 Qd5 42. Qb5 Ra7 43. Qc5 Rb7 44. Qxd5 exd5 45. Rc3 Ke6 46. a5
Kf5 47. a6 Rb1+ 48. Kf2 Ra1 49. Rc6 Ra2+ 50. Kf3 Bf8 51. Rc8 Bd6 52. Rc6 Bf8
53. h3 Be7 54. Rb6 Bf8 55. Rb8 Be7 56. Rb7 Bf6 57. a7 Ra3 58. Ke2 Ke4 59. Rd7
Rxe3+ 60. Kd2 Ra3 61. Rf7 Bxd4 62. Re7+ Kxf4 63. Rf7+ Ke4 64. Re7+ Be5 65. Rb7
Ra2+ 66. Kd1 Kd3 0-1

[Event "Int. Stuttgarter Stadtmeisterschaft A"]
[Site "Ditzingen"]
[Date "2014.05.30"]
[Round "3.15"]
[White "Dudek, Richard"]
[Black "Ludwig, Sebastian"]
[Result "0-1"]
[WhiteElo "2262"]
[BlackElo "2051"]
[PlyCount "162"]
[EventDate "2014.??.??"]
[WhiteTeam "SC Eppingen"]
[BlackTeam "SV Stuttgart-Wolfbusch 1956 e.V."]

1. e4 e6 2. d4 d5 3. Nd2 Nf6 4. e5 Nfd7 5. Bd3 c5 6. c3 Nc6 7. Ne2 cxd4 8. cxd4
f6 9. exf6 Nxf6 10. Nf3 Bd6 11. O-O Qc7 12. Nc3 a6 13. Bg5 O-O 14. Bh4 Nh5 15.
Bg3 Nxg3 16. hxg3 Bd7 17. Qc2 h6 18. Nh4 Rf6 19. Rad1 Nb4 20. Bh7+ Kh8 21. Qb1
g5 22. Nf3 Be8 23. Bd3 Nxd3 24. Qxd3 Bh5 25. Rd2 Raf8 26. Nh2 Kg7 27. Qe3 Qf7
28. a3 b5 29. Re1 Kg8 30. Nf3 Bxf3 31. gxf3 Kg7 32. Rd3 Qh5 33. Kg2 g4 34. Rh1
gxf3+ 35. Kg1 Qg6 36. Kf1 b4 37. axb4 Bxb4 38. Rh4 Bd6 39. Na4 Rc8 40. Nc5 Bxc5
41. dxc5 Rxc5 42. Qxc5 Qxd3+ 43. Kg1 Qg6 44. Qd4 Kh7 45. Kh2 Rf7 46. Rg4 Qc2
47. Rh4 Qe2 48. Kh3 Qf1+ 49. Kg4 Qb1 50. Kh3 Qf1+ 51. Kg4 Qc4 52. Qxc4 dxc4 53.
Kh3 Rb7 54. Re4 Rxb2 55. Rxe6 a5 56. Rc6 Rc2 57. Kg4 Rc3 58. Ra6 Ra3 59. Rc6
Rb3 60. Kf4 c3 61. Kxf3 a4 62. Ke3 a3 63. Kd3 Rb1 64. Ra6 Rb3 65. Kc2 Rb2+ 66.
Kxc3 Rxf2 67. g4 a2 68. Kd3 Kg7 69. Ke3 Rh2 70. Kf3 Kf7 71. Kg3 Rb2 72. Kh4 Ke7
73. Kh5 Rh2+ 74. Kg6 Kd7 75. Ra4 Kc6 76. Ra8 Kb5 77. Rb8+ Ka4 78. Ra8+ Kb3 79.
Rb8+ Kc2 80. Rc8+ Kb1 81. Rb8+ Rb2 0-1

[Event "Int. Stuttgarter Stadtmeisterschaft A"]
[Site "Ditzingen"]
[Date "2014.05.30"]
[Round "3.16"]
[White "Sokratov, Stanislav"]
[Black "Flick, Antoine"]
[Result "1/2-1/2"]
[WhiteElo "2194"]
[BlackElo "2045"]
[PlyCount "71"]
[EventDate "2014.??.??"]
[WhiteTeam "SC Erdmannhausen"]

1. d4 Nf6 2. c4 g6 3. Nc3 d5 4. cxd5 Nxd5 5. e4 Nxc3 6. bxc3 Bg7 7. Qa4+ c6 8.
Be3 O-O 9. Nf3 c5 10. Rd1 Bg4 11. Be2 cxd4 12. cxd4 Nc6 13. O-O a6 14. d5 Ne5
15. Qb4 b5 16. Bg5 f6 17. Be3 f5 18. Nd4 Bxe2 19. Nxe2 Rc8 20. Bc5 Rf7 21. Nd4
Qd7 22. Ne6 Nc4 23. Nxg7 Rxg7 24. Bd4 Rf7 25. f3 Qd6 26. Qc3 fxe4 27. fxe4 Rcf8
28. Rxf7 Rxf7 29. Qh3 e5 30. dxe6 Re7 31. Qf3 Rxe6 32. Bc3 Ne5 33. Bxe5 Qxe5
34. Rf1 Qc5+ 35. Kh1 Qe7 36. Re1 1/2-1/2

[Event "Int. Stuttgarter Stadtmeisterschaft A"]
[Site "Ditzingen"]
[Date "2014.05.30"]
[Round "3.17"]
[White "Cerasi, Umberto"]
[Black "Wittmann, Ralf"]
[Result "1/2-1/2"]
[WhiteElo "2019"]
[BlackElo "2184"]
[PlyCount "80"]
[EventDate "2014.??.??"]
[BlackTeam "Stuttgarter SF 1879"]

1. d4 Nf6 2. c4 e6 3. Nc3 Bb4 4. Bg5 h6 5. Bh4 c5 6. d5 Bxc3+ 7. bxc3 d6 8. e3
e5 9. Bd3 e4 10. Bc2 Nbd7 11. Qb1 Qe7 12. Ne2 g5 13. Bg3 O-O 14. h4 Ne5 15.
hxg5 hxg5 16. Bxe5 Qxe5 17. Kd2 Re8 18. a4 b6 19. Ng3 Ba6 20. Bb3 Ng4 21. Qg1
f5 22. Nf1 f4 23. Kc2 Qf5 24. Nd2 Kg7 25. Kb2 Ne5 26. Qf1 Nd3+ 27. Kc2 Rh8 28.
Rxh8 Rxh8 29. f3 fxe3 30. fxe4 Qf2 31. Qxd3 e2 32. Qf3 e1=Q 33. Rxe1 Qxe1 34.
Qf5 Qg3 35. Qd7+ Kg6 36. Qf5+ Kg7 37. Qd7+ Kf8 38. Qd8+ Kg7 39. Qd7+ Kh6 40.
Qe6+ Kg7 1/2-1/2

[Event "Int. Stuttgarter Stadtmeisterschaft A"]
[Site "Ditzingen"]
[Date "2014.05.30"]
[Round "3.18"]
[White "Gabriel, Robert"]
[Black "Bissbort, Julian"]
[Result "1-0"]
[WhiteElo "2178"]
[BlackElo "2042"]
[PlyCount "139"]
[EventDate "2014.??.??"]
[WhiteTeam "Stuttgarter SF 1879"]
[BlackTeam "Heilbronner SV"]

1. d4 Nf6 2. c4 e5 3. dxe5 Ne4 4. a3 d6 5. Nf3 Nc6 6. Qc2 Bf5 7. Nc3 Ng3 8. e4
Nxh1 9. exf5 dxe5 10. Be3 Be7 11. Rd1 Qc8 12. g3 O-O 13. Bg2 Nxf2 14. Kxf2 Re8
15. Nd5 e4 16. Qxe4 Bxa3 17. Nf6+ gxf6 18. Qg4+ Kh8 19. bxa3 Rg8 20. Qh5 Qf8
21. Rd7 Rg7 22. Qh4 Rd8 23. Rd5 Rxd5 24. cxd5 Ne7 25. Bc5 b6 26. Bb4 a5 27.
Bxe7 Qxe7 28. a4 Qc5+ 29. Qd4 Qc2+ 30. Kg1 Qb1+ 31. Bf1 Qxf5 32. Qd3 Qxd3 33.
Bxd3 Rg4 34. Bb5 Rb4 35. Kf2 Kg7 36. Ke3 f5 37. Nd4 Kf6 38. h4 h6 39. Bd7 Rc4
40. Nxf5 Rc3+ 41. Kd4 Rb3 42. Nxh6 Rxg3 43. Ke4 Rg1 44. Kf4 Kg6 45. Nf5 Rf1+
46. Kg4 Rg1+ 47. Ng3 Rd1 48. h5+ Kf6 49. Bc6 Rd4+ 50. Kf3 Kg5 51. Ne4+ Kxh5 52.
Nf6+ Kg5 53. Ne8 f5 54. Nxc7 Rc4 55. Na8 Rc3+ 56. Ke2 Rb3 57. d6 Kf6 58. Nc7
Rb2+ 59. Kd1 Rh2 60. Be8 Rh4 61. Ke2 Rd4 62. d7 Ke7 63. Kf3 Rc4 64. Nd5+ Kd8
65. Nf4 Re4 66. Nd5 Rd4 67. Nxb6 Kc7 68. Nc8 Kd8 69. Ke3 Rxa4 70. Nd6 {Rest
unbekannt} 1-0

[Event "Int. Stuttgarter Stadtmeisterschaft A"]
[Site "Ditzingen"]
[Date "2014.05.30"]
[Round "3.19"]
[White "Severin, Andreas"]
[Black "Vaysberg, Alexander"]
[Result "0-1"]
[WhiteElo "2008"]
[BlackElo "2178"]
[PlyCount "60"]
[EventDate "2014.??.??"]
[WhiteTeam "SV Reutlingen"]
[BlackTeam "SG Ludwigsburg 1919"]

1. Nf3 Nf6 2. d4 g6 3. Nc3 d5 4. Bf4 Bg7 5. Qd2 h6 6. Ne5 Nh5 7. g4 Nxf4 8.
Qxf4 O-O 9. Bg2 c6 10. O-O-O Nd7 11. e4 e6 12. Qg3 Nxe5 13. dxe5 f6 14. exd5
exd5 15. Be4 fxe5 16. h4 Qf6 17. g5 hxg5 18. hxg5 Qf4+ 19. Qxf4 Rxf4 20. Bxg6
Bf5 21. Bxf5 Rxf5 22. Rh2 Raf8 23. Rf1 e4 24. Ne2 Rxg5 25. c3 Be5 26. Rh3 Rg2
27. Nd4 Bxd4 28. cxd4 Rfxf2 29. Rfh1 Rc2+ 30. Kd1 Rxb2 0-1

[Event "Int. Stuttgarter Stadtmeisterschaft A"]
[Site "Ditzingen"]
[Date "2014.05.30"]
[Round "3.20"]
[White "Bräuner, Uwe"]
[Black "Quernheim, Daniel"]
[Result "1-0"]
[WhiteElo "2163"]
[BlackElo "2013"]
[PlyCount "59"]
[EventDate "2014.??.??"]
[WhiteTeam "SF Pfullingen"]
[BlackTeam "SC Schachmatt Botnang"]

1. d4 d5 2. Nf3 c6 3. c4 e6 4. Bg5 Bb4+ 5. Nc3 Nf6 6. Qc2 h6 7. Bxf6 Qxf6 8. e4
dxe4 9. Qxe4 c5 10. Bd3 Nc6 11. O-O Bxc3 12. bxc3 g6 13. Ne5 Nxe5 14. dxe5 Qd8
15. Qe3 Qc7 16. Rab1 b6 17. Be4 Rb8 18. f4 Ba6 19. Bd3 O-O 20. Rf3 Kg7 21. Rg3
Qd7 22. h4 h5 23. Rf1 Rbd8 24. Qe2 Kh6 25. f5 exf5 26. Rxf5 Kg7 27. Rf6 Rde8
28. Bxg6 Qc7 29. Bxf7+ Kh7 30. Qxh5# 1-0

[Event "Int. Stuttgarter Stadtmeisterschaft A"]
[Site "Ditzingen"]
[Date "2014.05.30"]
[Round "3.21"]
[White "Schmidt, Tobias"]
[Black "Bräunlin, Klaus"]
[Result "1-0"]
[WhiteElo "2005"]
[BlackElo "2145"]
[PlyCount "105"]
[EventDate "2014.??.??"]
[WhiteTeam "SC Erdmannhausen"]
[BlackTeam "TG Biberach"]

1. e4 c6 2. d4 d5 3. Nc3 dxe4 4. Nxe4 Nf6 5. Nxf6+ exf6 6. Bc4 Be7 7. Ne2 Na6
8. O-O Nc7 9. c3 O-O 10. Re1 f5 11. Nf4 g6 12. Nd3 Bf6 13. Bh6 Bg7 14. Qd2 Be6
15. Bxg7 Kxg7 16. Ne5 Bd5 17. Bb3 f6 18. Nd3 g5 19. Re2 Re8 20. Rae1 Rxe2 21.
Qxe2 Bxb3 22. axb3 Kg6 23. Qe7 b6 24. Nb4 c5 25. Qxd8 Rxd8 26. Nc6 Rd7 27. Ne7+
Kf7 28. Nxf5 cxd4 29. Rd1 Rd5 30. Rxd4 Ke6 31. Rxd5 Nxd5 32. Nd4+ Kd7 33. g3 a6
34. Kf1 Kd6 35. Ke2 Ne7 36. Kd3 Kd5 37. b4 Ng6 38. c4+ Kd6 39. Nf5+ Ke6 40. Ne3
Ne5+ 41. Ke2 g4 42. b3 h5 43. Nd5 b5 44. Nc7+ Kd6 45. Nxa6 bxc4 46. bxc4 Nxc4
47. Nc5 f5 48. Nd3 Nb6 49. Nf4 Ke5 50. Kd3 Nc8 51. Nxh5 Nd6 52. Nf4 Ne4 53. Ke3
1-0

[Event "Int. Stuttgarter Stadtmeisterschaft A"]
[Site "Ditzingen"]
[Date "2014.05.30"]
[Round "3.22"]
[White "Reck, Moritz"]
[Black "Müller, Anja"]
[Result "1-0"]
[WhiteElo "2145"]
[BlackElo "1967"]
[PlyCount "85"]
[EventDate "2014.??.??"]
[WhiteTeam "SV Leonberg 1978 eV"]
[BlackTeam "SC Ingersheim e.V."]

1. e4 c5 2. Nc3 Nc6 3. g3 g6 4. Bg2 Bg7 5. d3 d6 6. Be3 e6 7. Qd2 Nge7 8. Bh6
O-O 9. h4 Bxh6 10. Qxh6 f6 11. Qd2 Nd4 12. O-O-O Nec6 13. Kb1 Nb4 14. Rc1 Qa5
15. Qh6 Nb5 16. Nge2 e5 17. f4 Bg4 18. Bh3 Bxh3 19. Rxh3 Nd4 20. a3 Nxe2 21.
Nxe2 Nc6 22. h5 g5 23. fxg5 fxg5 24. Qxg5+ Kh8 25. g4 Qd8 26. Qe3 Nd4 27. Nc3
Qf6 28. Nd5 Qf2 29. g5 Rf3 30. Qxf2 Rxf2 31. c3 Ne2 32. Re1 Raf8 33. g6 hxg6
34. hxg6+ Kg7 35. Ne7 Rh8 36. Nf5+ Kg8 37. Ne7+ Kg7 38. Nf5+ Kg8 39. Rxh8+ Kxh8
40. g7+ Kg8 41. Rh1 Rg2 42. Rh8+ Kf7 43. Rf8+ 1-0

[Event "Int. Stuttgarter Stadtmeisterschaft A"]
[Site "Ditzingen"]
[Date "2014.05.30"]
[Round "3.23"]
[White "Klaus, Dominik"]
[Black "Eulering, Georg"]
[Result "1/2-1/2"]
[WhiteElo "1931"]
[BlackElo "2143"]
[PlyCount "66"]
[EventDate "2014.??.??"]
[WhiteTeam "Ssg Fils-Lauter e. V."]
[BlackTeam "SF Schlebusch"]

1. d4 Nf6 2. c4 e6 3. g3 Bb4+ 4. Bd2 a5 5. Bg2 Nc6 6. Nf3 O-O 7. O-O Bxd2 8.
Qxd2 Ne4 9. Qc2 f5 10. Nc3 Nxc3 11. Qxc3 d6 12. Rfe1 f4 13. e4 fxg3 14. fxg3
Qe8 15. d5 Nd8 16. e5 Qh5 17. Rad1 Ra6 18. Rd4 exd5 19. Rh4 d4 20. Qxd4 Qg6 21.
Rhe4 Nc6 22. Qe3 dxe5 23. Nxe5 Nxe5 24. Rxe5 Qb6 25. Qxb6 Rxb6 26. Bd5+ Kh8 27.
Re8 Rbf6 28. Rxf8+ Rxf8 29. Re7 c6 30. Be6 Bxe6 31. Rxe6 Kg8 32. Re7 Rf7 33.
Re8+ Rf8 1/2-1/2

[Event "Int. Stuttgarter Stadtmeisterschaft A"]
[Site "Ditzingen"]
[Date "2014.05.30"]
[Round "3.24"]
[White "Paschmann, Stefan"]
[Black "Schulte, Torsten"]
[Result "0-1"]
[WhiteElo "1903"]
[BlackElo "2130"]
[PlyCount "94"]
[EventDate "2014.??.??"]
[WhiteTeam "Krefelder SK Turm 1851 e"]
[BlackTeam "SC Eppingen"]

1. d4 Nf6 2. Nf3 g6 3. Nc3 Bg7 4. e4 d6 5. Be3 O-O 6. Qd2 c6 7. Bd3 Nbd7 8. Bh6
e5 9. dxe5 Nxe5 10. Nxe5 dxe5 11. Bxg7 Kxg7 12. O-O-O Be6 13. Kb1 Qa5 14. a3 b5
15. Na2 Qc7 16. h4 h5 17. f3 a5 18. Qe2 b4 19. Bc4 bxa3 20. Bxe6 fxe6 21. b3 a4
22. Qc4 Kf7 23. Rd2 axb3 24. cxb3 Rfd8 25. Rhd1 Rxd2 26. Rxd2 Rd8 27. Rxd8 Qxd8
28. Qxc6 Qd4 29. Qc2 Nd7 30. Nc1 Nc5 31. Ka2 Qd6 32. Qc4 Na6 33. Nd3 Qxd3 34.
Qc8 Nb4+ 35. Kxa3 Qa6+ 36. Qxa6 Nxa6 37. Kb2 Ke7 38. Kc3 Kd6 39. Kd2 Kc5 40.
Ke3 Nb4 41. g4 Nc2+ 42. Kf2 Nd4 43. Ke3 Nxb3 44. gxh5 gxh5 45. f4 Kd6 46. f5
Nd4 47. fxe6 Kxe6 0-1

[Event "Int. Stuttgarter Stadtmeisterschaft A"]
[Site "Ditzingen"]
[Date "2014.05.30"]
[Round "3.25"]
[White "Weber, Klaus"]
[Black "Steinhart, Christoph"]
[Result "1-0"]
[WhiteElo "2117"]
[BlackElo "1967"]
[PlyCount "79"]
[EventDate "2014.??.??"]
[WhiteTeam "SV Tübingen 1870 e.V."]
[BlackTeam "TSV Schönaich"]

1. e4 e6 2. d4 d5 3. e5 c5 4. c3 Nc6 5. Nf3 cxd4 6. cxd4 f6 7. exf6 Nxf6 8. Nc3
Bd6 9. Bd3 O-O 10. O-O Bd7 11. Re1 Qe8 12. Ne2 Nh5 13. Be3 e5 14. Qb3 Nb4 15.
Nxe5 Ba4 16. Qc3 Rc8 17. Qd2 Bxe5 18. Qxb4 Bb8 19. Qxb7 Qe6 20. Ng3 Nxg3 21.
hxg3 Bc2 22. Bxc2 Rxc2 23. Qb3 Qc6 24. Rac1 Rxc1 25. Rxc1 Qe6 26. Rc5 Kh8 27.
Rxd5 h6 28. Rd8 Qe7 29. Rxf8+ Qxf8 30. Qe6 Qb4 31. d5 a5 32. b3 Kh7 33. Bf4
Bxf4 34. Qf5+ Kg8 35. Qxf4 Qe1+ 36. Kh2 Qd1 37. g4 g5 38. Qe4 h5 39. Qg6+ Kf8
40. Qh6+ 1-0

[Event "Int. Stuttgarter Stadtmeisterschaft A"]
[Site "Ditzingen"]
[Date "2014.05.30"]
[Round "3.26"]
[White "Schwab, Matthias"]
[Black "Sand, Rolf"]
[Result "1/2-1/2"]
[WhiteElo "2102"]
[BlackElo "1946"]
[PlyCount "47"]
[EventDate "2014.??.??"]
[WhiteTeam "SC Böblingen 1975 e.V."]
[BlackTeam "SV Tübingen 1870 e.V."]

1. d4 Nf6 2. c4 g6 3. Nc3 d5 4. cxd5 Nxd5 5. e4 Nxc3 6. bxc3 Bg7 7. Be3 c5 8.
Qd2 Qa5 9. Rc1 cxd4 10. cxd4 Qxd2+ 11. Kxd2 O-O 12. Nf3 Rd8 13. Bd3 Nc6 14. Rc4
Bg4 15. Rb1 Bxf3 16. gxf3 Nxd4 17. Bxd4 Rxd4 18. Rxb7 Rxc4 19. Bxc4 e6 20. Kd3
Rd8+ 21. Ke2 Bd4 22. f4 Bb6 23. f5 Rd4 24. Bd3 1/2-1/2

[Event "Int. Stuttgarter Stadtmeisterschaft A"]
[Site "Ditzingen"]
[Date "2014.05.30"]
[Round "3.27"]
[White "Scheeff, Volker"]
[Black "Gibicar, Marc"]
[Result "1-0"]
[WhiteElo "2098"]
[BlackElo "1917"]
[PlyCount "61"]
[EventDate "2014.??.??"]
[WhiteTeam "SK Schmiden/Cannstatt"]

1. e4 c5 2. Nf3 d6 3. d4 cxd4 4. Nxd4 Nf6 5. Nc3 g6 6. Be3 Bg7 7. f3 Nc6 8. Qd2
O-O 9. Bc4 Bd7 10. Bb3 Rc8 11. O-O-O Ne5 12. Kb1 Nc4 13. Bxc4 Rxc4 14. g4 b5
15. b3 Rc8 16. Ndxb5 Qa5 17. a4 a6 18. Nd5 Qxd2 19. Nxe7+ Kh8 20. Rxd2 Rce8 21.
Nxd6 Rxe7 22. Bc5 Re5 23. Ba3 Be6 24. Nb7 Rc8 25. Rhd1 Nd7 26. Nd6 Rb8 27. f4
Ra5 28. f5 Rxa4 29. Ka2 Ra5 30. fxe6 fxe6 31. Nc4 1-0

[Event "Int. Stuttgarter Stadtmeisterschaft A"]
[Site "Ditzingen"]
[Date "2014.05.30"]
[Round "3.28"]
[White "Novak, Josua"]
[Black "Tsolakidis, Paschal"]
[Result "1/2-1/2"]
[WhiteElo "1914"]
[BlackElo "2097"]
[PlyCount "68"]
[EventDate "2014.??.??"]
[WhiteTeam "TSV Münchingen"]
[BlackTeam "DJK Stuttgart-Süd"]

1. e4 d5 2. exd5 Qxd5 3. Nc3 Qa5 4. d4 c6 5. Nf3 Bf5 6. Bc4 e6 7. O-O Nf6 8.
Re1 Be7 9. Qe2 O-O 10. Nh4 Bg4 11. f3 Qh5 12. g3 Bh3 13. Ng2 Bxg2 14. Kxg2 Bb4
15. Bd2 Rd8 16. Ne4 Bxd2 17. Nxf6+ gxf6 18. Qxd2 c5 19. Re4 f5 20. Rh4 Qg6 21.
Bd3 Nc6 22. dxc5 Rd5 23. c4 Rd7 24. Qc3 Rad8 25. Rg4 fxg4 26. Bxg6 Rd2+ 27. Kh1
hxg6 28. fxg4 Rf2 29. Qe1 Rdd2 30. Rd1 Rxh2+ 31. Kg1 Rdg2+ 32. Kf1 Rxb2 33. Kg1
Rhe2 34. Qf1 f5 1/2-1/2

[Event "Int. Stuttgarter Stadtmeisterschaft A"]
[Site "Ditzingen"]
[Date "2014.05.30"]
[Round "3.29"]
[White "Hoeschele, Hans-Ulrich"]
[Black "Viehoff, Jürgen"]
[Result "0-1"]
[WhiteElo "2095"]
[BlackElo "1848"]
[PlyCount "136"]
[EventDate "2014.??.??"]
[WhiteTeam "Stuttgarter SF 1879"]
[BlackTeam "SC Stetten a.d.F."]

1. c4 c5 2. Nc3 Nf6 3. g3 d5 4. cxd5 Nxd5 5. Bg2 Nc7 6. d3 Nc6 7. Nf3 e5 8. O-O
Be7 9. Be3 Bd7 10. Rc1 Rc8 11. Qd2 b6 12. b3 O-O 13. Qb2 f6 14. Nd2 Nd4 15.
Rfe1 Be6 16. f3 Qd7 17. Nd1 Bh3 18. Nf2 Bxg2 19. Kxg2 Nd5 20. Nf1 f5 21. Bxd4
exd4 22. Qd2 Rce8 23. e3 dxe3 24. Nxe3 Nxe3+ 25. Rxe3 Bg5 26. f4 Rxe3 27. Qxe3
Re8 28. Qf3 Bf6 29. Rc2 Qe6 30. g4 fxg4 31. Qxg4 Qxg4+ 32. Nxg4 Bd4 33. Kf3 h5
34. Ne5 Bxe5 35. Re2 Rd8 36. fxe5 Rxd3+ 37. Ke4 Rd4+ 38. Kf5 Kf7 39. Rg2 Rg4
40. Rxg4 hxg4 41. Kxg4 Ke6 42. Kf4 Kd5 43. a4 a6 44. Kf5 b5 45. a5 c4 46. bxc4+
bxc4 47. e6 Kd6 48. Ke4 Kxe6 49. Kd4 c3 50. Kxc3 Kd5 51. Kb4 Kd4 52. h4 g6 53.
Kb3 Kc5 54. Kc3 Kb5 55. Kd4 Kxa5 56. Ke5 Kb4 57. Kf6 a5 58. Kxg6 a4 59. h5 a3
60. h6 a2 61. Kg7 a1=Q+ 62. Kg8 Qa8+ 63. Kg7 Qb7+ 64. Kg8 Qc8+ 65. Kg7 Qd7+ 66.
Kg8 Qe8+ 67. Kg7 Qe7+ 68. Kg8 Qg5+ 0-1

[Event "Int. Stuttgarter Stadtmeisterschaft A"]
[Site "Ditzingen"]
[Date "2014.05.30"]
[Round "3.30"]
[White "Heeke, Guido"]
[Black "Jerie, Sven"]
[Result "0-1"]
[WhiteElo "1907"]
[BlackElo "2091"]
[PlyCount "48"]
[EventDate "2014.??.??"]
[WhiteTeam "SV Letmathe 1933 e.V."]
[BlackTeam "SG Ludwigsburg 1919"]

1. c4 e5 2. Nc3 Nc6 3. Nf3 g6 4. d4 exd4 5. Nxd4 Bg7 6. Nc2 d6 7. Bd2 Nf6 8.
Rc1 O-O 9. e3 Be6 10. b3 d5 11. cxd5 Nxd5 12. Nxd5 Bxd5 13. Nb4 Nxb4 14. Bxb4
Re8 15. Bc3 Bxc3+ 16. Rxc3 c6 17. Qd2 Qh4 18. Rd3 Rad8 19. h3 Be4 20. Rd4 Qf6
21. Rxd8 Rxd8 22. Qc1 Qd6 23. f3 Qg3+ 24. Ke2 Bd3+ 0-1

[Event "Int. Stuttgarter Stadtmeisterschaft A"]
[Site "Ditzingen"]
[Date "2014.05.30"]
[Round "3.31"]
[White "Koch, Martin"]
[Black "Cummings, Orlyn"]
[Result "1/2-1/2"]
[WhiteElo "2066"]
[BlackElo "1873"]
[PlyCount "98"]
[EventDate "2014.??.??"]
[WhiteTeam "SC Schachmatt Botnang"]
[BlackTeam "SC Ingersheim e.V."]

1. e4 c5 2. d4 cxd4 3. c3 d3 4. Bxd3 d6 5. c4 g6 6. Nf3 Bg7 7. O-O Nc6 8. Nc3
Bxc3 9. bxc3 Qa5 10. Qc2 Nf6 11. h3 O-O 12. Be3 b6 13. Nd2 Ne5 14. Be2 Ba6 15.
f4 Ned7 16. a4 Nc5 17. Rfb1 Bb7 18. Bf3 Rab8 19. Rb5 Qa6 20. Bxc5 dxc5 21. Rab1
Nd7 22. e5 Bxf3 23. Nxf3 e6 24. Ng5 Qb7 25. Rd1 f6 26. exf6 Rxf6 27. Rbb1 Qc6
28. g3 e5 29. Qd3 Rb7 30. Ne4 Re6 31. Ng5 Rf6 32. Ne4 Re6 33. Nd6 e4 34. Qd5
Qxd5 35. Rxd5 Rc7 36. Nb5 Rb7 37. Kf2 Nf6 38. Rd8+ Kg7 39. Ke3 h5 40. Rbd1 Ree7
41. Nd6 Rbc7 42. f5 g5 43. h4 g4 44. Re1 Re5 45. Kf4 Rce7 46. Nc8 e3 47. Nxe7
Re4+ 48. Kg5 Nh7+ 49. Kxh5 Nf6+ 1/2-1/2

[Event "Int. Stuttgarter Stadtmeisterschaft A"]
[Site "Ditzingen"]
[Date "2014.05.30"]
[Round "3.32"]
[White "Martin, Richard"]
[Black "Müller, Philipp"]
[Result "0-1"]
[WhiteElo "1857"]
[BlackElo "2063"]
[PlyCount "60"]
[EventDate "2014.??.??"]
[WhiteTeam "SV Unterkochen"]
[BlackTeam "SC Neckarsulm e.V."]

1. e4 e6 2. d4 d5 3. exd5 exd5 4. Nf3 Nf6 5. c3 Bd6 6. Be2 O-O 7. O-O Bf5 8.
Bg5 Nbd7 9. Na3 c6 10. Nc2 Qc7 11. Ne3 Be4 12. Kh1 h6 13. Bh4 b5 14. Bg3 Bxg3
15. hxg3 Rab8 16. a3 a5 17. Nd2 Rfe8 18. Nxe4 Nxe4 19. Bf3 Nxf2+ 20. Rxf2 Rxe3
21. Qd2 Rbe8 22. g4 Qg3 23. Raf1 Nf6 24. Qd1 R8e7 25. a4 bxa4 26. Qxa4 h5 27.
Qxc6 R7e6 28. Qc8+ Re8 29. Qb7 hxg4 30. Bd1 Qh4+ 0-1